The greatness guide : Book 2

Bibliographic Details
Main Author: Sharma, Robin
Format: Book
Published: London : Harper Element , 2007
Subjects:

MARC

LEADER 00000cam a2200000 7i4500
001 0000023118
005 20080921.0
008 080909
020 |a 0007284139 
090 0 0 |a 158.1   |b SHA 
100 1 |a Sharma, Robin 
245 1 4 |a The greatness guide :   |b Book 2   |c Robin Sharma 
260 |a London :   |b Harper Element ,   |c 2007 
650 0 |a Success   |x psychological aspects 
650 0 |a Sucess in business   |x psychological aspects 
999 |a 0001036442   |b Book   |c Adult Collection   |e Perbadanan Perpustakaan Awam Johor 
999 |a 0001036531   |b Book   |c Adult Collection   |e Perbadanan Perpustakaan Awam Johor